Personnalités avec des initiales en J - Statistiques

Statistiques générales
  • Ce quiz a été pris 83 fois
  • Le résultat moyen est 10 sur 26
Statistiques - réponses
Initiales Description Personnalité % Correct
JX Je n'ai trouvé personne mettez juste "Jx" Jx
82%
JL Membre des Beatles John Lennon
79%
JV Auteur de "Vingt mille lieues sous les mers" ou "Le tour du monde en quatre-vingts jours" Jules Verne
78%
JC Acteur français connu pour son rôle dans "La Flamme" et "Le Flambeau" Jonathan Cohen
77%
JB Chanteur canadien Justin Bieber
71%
JR Actrice emblématique du cinéma américain révélée dans Pretty Woman Julia Roberts
69%
JN Acteur emblématique de "Shining" Jack Nicholson
64%
JA Ecrivaine britannique, autrice de "Orgueil et Préjudices" Jane Austen
60%
JI Chanteur latino ayant vendu le plus d'albums au monde avec 14 langues Julio Iglesias
58%
JH Guitariste américain faisant partie du triste club des 27 Jimi Hendrix
56%
JS Joueur de tennis italien en finale de Rolland Garros 2025 Jannik Sinner
55%
JT Chanteur et acteur américain ayant joué dans "Sexe entre amis" Justin Timberlake
42%
JM Entraîneur de football, actuelle au Fenerbahçe José Mourinho
40%
JG Homme d'état allemand, proche d'Adolf Hitler Joseph Goebbels
39%
JZ Footballeur international argentin ayant évolué à l'Inter Milan Javier Zanetti
26%
JF Jeune joueur de tennis brésilien João Fonseca
18%
JP Youtubeur américain Jake Paul
16%
JE Acteur dans "The Kissing Booth" Jacob Elordi
12%
JK Joueur de basketball devenu entraîneur des Mavericks Jason Kidd
9%
JQ Acteur dans "Stranger Things" et "Game of Thrones" Joseph Quinn
4%
JY Joueur de baseball canadien Jared Young
3%
JD Ancien Président des Etats Unis confédérés d'Amérique pendant la guerre civile américaine Jefferson Davis
0%
JO Joueur de basketball américain évoluant aux Warriors Jermaine O'Neal
0%
JU Ancien joueur de football américain (Foot US) Johnny Unitas
0%
JJ Acteur et réalisateur canadien ayant joué dans le dernier "Karate Kid" Joshua Jackson
0%
JW Rappeur américain Juice WRLD
0%
Aucun quiz correspondant
Distribution des résultats
% des personnes avec chaque résultat
Percentile par nombre de réponses
Votre historique - résultats
Vous n’avez pas pris ce quiz